| 000 | 00358nam a2200133Ia 4500 | ||
|---|---|---|---|
| 008 | 231129s1992||||xx |||||||||||||| ||spa|| | ||
| 040 | _bspa | ||
| 082 | _a329.9861 V393h | ||
| 100 | _aVázquez Carrizosa Alfredo | ||
| 245 | 0 | _aHistoria crítica del Frente Nacional | |
| 260 | _c1992 | ||
| 264 | _aEdiciones Foro Nacional por Colombia | ||
| 942 |
_2ddc _cBKS |
||
| 999 |
_c15061 _d15061 |
||